Animales que comienzan con D - Estadísticas

Estadísticas generales
  • Esta prueba ha sido intentada 73 veces
  • La puntuación promedio es 4 de 5
Estadísticas de respuestas
Imagen Respuesta % Correcto
Delfín
100%
Dromedario
94%
Dodo
83%
Dragón de Komodo
76%
Demonio de Tasmania
59%
No se encontraron pruebas coincidentes
Distribución de puntuación
Porcentaje de gente con cada puntuación
Porcentaje por número respondido
Historial de tus puntuaciones
No has intentado esta prueba.